000 00727cam a22002413a 4500
001 30039
003 PGUSA
005 20140828083640.0
008 090920s2009||||xxu|||||s|||||000 | eng d
040 _aPGUSA
_beng
042 _adc
050 4 _aG
100 1 _aLeacock, Stephen,
_d1869-1944
245 1 0 _aAdventurers of the Far North :
_bA Chronicle of the Frozen Seas
_h[electronic resource] /
_cStephen Leacock
260 _bProject Gutenberg,
_c2009
506 _aPublic domain in the USA.
516 _aElectronic text
653 _aNorthwest, Canadian -- Description and travel
653 _aArctic regions
830 0 _aProject Gutenberg
_v30039
856 4 0 _uhttp://www.gutenberg.org/ebooks/30039
942 _cEB
999 _c259294
_d259294